00972cam a2200277 450000100060000000300080000600500170001400800410003103500140007203500120008604000240009804100080012208200150013010000450014524500620019025000130025226000530026530000200031849000560033850000660039450400300046060000560049094200120054699900170055895201190057518108BD-RjUL20211209000234.0200318s1965 enk b 00000 eng d a(BD-RjUL) a2308812 aXeroxbengcBD-RjUL aeng0 a821.092231 aRajan, B.q(Balachandra),d1920-924103110aW. B. Yeats, a critical introduction /cBalachandra Rajan a2nd. ed. aLondon :bHutchinson University Library,c[1969] a207 p.;c20 cm.0 a[Hutchinson university library: English literature] aImprint covered by label: New York, Hillary House Publishers. aBibliography: p. 193-199.10aYeats, W. B.q(William Butler),d1865-1939.9241032 2ddccBK c18108d18108 00102ddc40708NFICaRUCLbRUCLcStackd2020-03-18l0o821.09 RAW 1969r2020-03-18 00:00:00tC-2w2020-03-18yBK